Engendering gay cinema : analisi ed evoluzione del cinema omosessuale tra contaminazioni e sdoganamento del genere /

Uloženo v:
Podrobná bibliografie
Hlavní autor: Grespan, Stefano (Autor)
Médium: Kniha
Jazyk:italština
Vydáno: Roma : Libreria Croce, stampa 2008
Edice:OffSide
Tagy: Přidat tag
Žádné tagy, Buďte první, kdo vytvoří štítek k tomuto záznamu!

MARC

LEADER 00000nam a22000007i 4500
001 IT\ICCU\UBO\3451745
003 ItRI
005 20260226162744.0
008 080708s2008 it |||||| ||||| |||||c
020 |a 9788889337875 
040 |b ita  |c GP 
041 7 |a ita  |2 ISO-639-2 
100 1 |a Grespan, Stefano  |0 IT\ICCU\UBOV\248115  |4 aut 
245 1 0 |a Engendering gay cinema :  |b analisi ed evoluzione del cinema omosessuale tra contaminazioni e sdoganamento del genere /  |c Stefano Grespan. 
260 |a Roma :  |b Libreria Croce,  |c stampa 2008 
300 |a 192 p. :  |b ill. ;  |c 22 cm. 
830 0 |a OffSide  |0 IT\ICCU\RMS\0086921 
942 |2 ddc  |c BK 
952 |0 0  |1 0  |2 ddc  |4 0  |6 791_436520000000000_GRE  |7 1  |9 801  |a RM  |b RM  |d 2024-02-27  |l 0  |o 791.43652 GRE  |p 343  |r 2024-02-27 19:22:42  |w 2024-02-27  |y BK 
952 |0 0  |1 0  |2 ddc  |4 0  |7 0  |9 7293  |a MI  |b MI  |d 2010-02-03  |i 5799  |l 0  |p CDOM5799  |r 2025-07-13 16:28:36  |w 2025-07-13  |x ACQUISTO  |y BK 
952 |0 0  |1 0  |4 0  |6 DOC_791_436000000000000_GRE  |7 0  |9 21323  |a BO  |b BO  |d 2026-01-15  |i 12150  |l 0  |o DOC 791.436 GRE  |p BO12150  |r 2026-01-15 23:21:52  |w 2026-01-15  |x [Sebina 5] [1 v.]  |y BK  |z 1 v. 
952 |0 0  |1 0  |4 0  |6 DOC_791_436000000000000_GRE  |7 0  |9 21324  |a BO  |b BO  |d 2026-01-15  |i 13976  |l 0  |o DOC 791.436 GRE  |p BO13976  |r 2026-01-15 23:21:52  |w 2026-01-15  |x [Sebina 5] [1 v.]  |y BK  |z 1 v. (2. copia) 
999 |c 753  |d 753